Plus grande subdivision par pays - Statistiques

Statistiques générales
  • Ce quiz a été pris 51 fois
  • Le résultat moyen est 7 sur 16
Statistiques - réponses
Pays % Plus grande subdivision % Correct
Royaume-Uni 53,5 Angleterre
96%
Allemagne 19,7 Bavière
73%
France 15,2 Nouvelle-Aquitaine
73%
États-Unis 7,3 Alaska
71%
Espagne 26,4 Castille-et-León
58%
Indonésie 39,0 Kalimantan
58%
Canada 15,4 Québec
56%
Italie 8,5 Sicile
46%
Chine 17,3 Xinjiang
35%
Australie 34,4 Australie occidentale
29%
Brésil 19,6 Amazonas
25%
Suisse 17,2 Grisons
25%
Russie 18,0 Sakha
21%
Mexique 12,5 Chihuahua
17%
Japon 8.6 Kanto
4%
Inde 10,4 Rajasthan
4%
Aucun quiz correspondant
Distribution des résultats
% des personnes avec chaque résultat
Percentile par nombre de réponses
Votre historique - résultats
Vous n’avez pas pris ce quiz